00476nam a2200109Ia 4500008004100000050002400041100002800065245014700093260008600240300002800326521001200354140724s9999 xx 000 0 und d aRC 440b.Al323 2012 aAlas, Karla Patricia C. aCoping skills and the academic performance of CAA Elementary School students with attention deficit - Like behavior /cKarla Patricia C. Alas. aLas Piñas, Philippines :bSouthville International School and Colleges,cc2012. a58 p. :bill. ;c28 cm. aNursing